MANAGING energy, nutrients and pests in organic field crops
Gardado en:
| Formato: | Libro |
|---|---|
| Idioma: | inglés |
| Publicado: |
CRC Press
2014
|
| Tags: |
Engadir etiqueta
Sen Etiquetas, Sexa o primeiro en etiquetar este rexistro!
|
MARC
| LEADER | 00000nam a22000007a 4500 | ||
|---|---|---|---|
| 008 | 201215b ||||| |||| 00| 0 eng d | ||
| 020 | |a ISBN: 978-1-4665-6836-5 | ||
| 245 | |a MANAGING energy, nutrients and pests in organic field crops |c edited by Ralph C. Martin and Rod MacRae |g xxi; 414p.; ill. | ||
| 260 | |b CRC Press |c 2014 |h Boca Raton, FL |i 689917 |l S605.5 .M31 |m Organic farming |m Agriculture and energy |m Plant nutrients |m Pests – Control. | ||
| 500 | |a “It includes references and index” | ||
| 942 | |a lcc |c BK |e Olagoke,M A |f 15/12/2020 | ||
| 952 | |0 0 |1 0 |2 lcc |4 0 |6 S06055 M31 |7 0 |9 513 |a HOL |b HOL |c QZ |d 2020-12-15 |l 0 |o S605.5 .M31 |p 2020-2239 |r 2020-12-15 00:00:00 |w 2020-12-15 |y BK | ||
| 999 | |c 272 |d 272 | ||